Power supply cookbook (Record no. 568514)

000 -LEADER
fixed length control field 00568nam a22001937a 4500
003 - CONTROL NUMBER IDENTIFIER
control field CEME
005 - DATE AND TIME OF LATEST TRANSACTION
control field 20210628202117.0
008 - FIXED-LENGTH DATA ELEMENTS--GENERAL INFORMATION
fixed length control field 210120b xxu||||| |||| 00| 0 eng d
020 ## - INTERNATIONAL STANDARD BOOK NUMBER
International Standard Book Number 0-7506-7329-X
040 ## - CATALOGING SOURCE
Transcribing agency ceme
082 ## - DEWEY DECIMAL CLASSIFICATION NUMBER
Classification number 621.381044 BRO
100 ## - MAIN ENTRY--PERSONAL NAME
Personal name Brown, Marty
9 (RLIN) 58316
245 ## - TITLE STATEMENT
Title Power supply cookbook
250 ## - EDITION STATEMENT
Edition statement 2ND
260 ## - PUBLICATION, DISTRIBUTION, ETC.
Place of publication, distribution, etc. BOSTON
Name of publisher, distributor, etc. NEWNES
Date of publication, distribution, etc. 2001
300 ## - PHYSICAL DESCRIPTION
Extent XI,264P
650 ## - SUBJECT ADDED ENTRY--TOPICAL TERM
Topical term or geographic name entry element ELECTRIC POWER SUPPLIES TO APPARATUS-DESIGN AND CONSTRUCTION POWER ELECTRONICS ELECTRONIC APPARATUS AND APPLIANCES-POWER SUPPLY
9 (RLIN) 58317
942 ## - ADDED ENTRY ELEMENTS (KOHA)
Koha item type Book
Source of classification or shelving scheme
Holdings
Withdrawn status Lost status Damaged status Not for loan Permanent Location Current Location Shelving location Date acquired Total Checkouts Full call number Barcode Date last seen Price effective from Koha item type
        College of Electrical & Mechanical Engineering (CEME) College of Electrical & Mechanical Engineering (CEME) General Stacks 07/17/2017   621.381044 BRO CEME-35552 06/28/2021 06/28/2021 Book
        College of Electrical & Mechanical Engineering (CEME) College of Electrical & Mechanical Engineering (CEME) General Stacks 07/18/2017 1 621.381044 BRO CEME-41023 06/28/2021 06/28/2021 Book
© 2023 Central Library, National University of Sciences and Technology. All Rights Reserved.